مكتبة جامعة عجلون الوطنية

فهرس بحث المكتبة

Normal view MARC view
  • الدبلوماسية -- العلاقات الدولية -- الامتيازات والحصانات الدبلوماسية

Entry Topical Term

Number of records used in: 1

001 - CONTROL NUMBER

  • control field: 31333

003 - CONTROL NUMBER IDENTIFIER

  • control field: JO-AjAnu

005 - DATE AND TIME OF LATEST TRANSACTION

  • control field: 20230606075258.0

008 - FIXED-LENGTH DATA ELEMENTS

  • fixed length control field: 230606|| aca||aabn | a|a d

040 ## - CATALOGING SOURCE

  • Original cataloging agency: JO-AjAnu
  • Transcribing agency: JO-AjAnu

150 ## - HEADING--TOPICAL TERM

  • Topical term or geographic name entry element: الدبلوماسية -- العلاقات الدولية -- الامتيازات والحصانات الدبلوماسية

670 ## - SOURCE DATA FOUND

  • Source citation: Work cat.: (JO-AjAnu)16090: الشامي ، علي حسين ، تقديم الحص ، سليم ، مقدمة المجذوب ، محمد , author 31332, الديلوماسية : نشأتها و تطورها و قواعدها و نظام الحصانات و الإمتيازات الدبلوماسية